000 01181nam a2200289Ia 4500
005 20220317001148.0
008 160825s2008 ck g 000 0 spa
020 _a97895804696012
100 1 _aBioy Casares, Adolfo
_d1914-1999
245 1 3 _aLa invención de Morel
_cAdolfo Bioy Casares
250 _a2a. edición
300 _a96, 70 páginas (En paginación variada)
_c21 cm
490 _aCara y cruz
505 _aAdolfo Bioy Casares: premio Cervantes 1990 -- La invención de lo cotidiano / Francisca Suárez Coalla -- Bioy Casares: la invención y la escritura / Teresita Mauro -- El amor, ese perenne antídoto contra la muerte / R.H. Moreno -Dur
586 _aPremio Cervantes 1990
600 1 4 _aBioy Caseres, Adolfo
_d1914-1999
_xCrítica e interpretación
_967020
650 1 4 _2LEMB
_aNovela argentina
_ySiglo XX
650 1 4 _2LEMB
_aLiteratura argentina
_ySiglo XX
650 1 4 _2LEMB
_aAmistad en la literatura
942 _2loc
_cBKLIT
264 _aBogotá
_bNorma
_c2008
336 _atexto
_btxt
_2rdacontent
337 _asin mediación
_bn
_2rdamedia
338 _avolumen
_bnc
_2rdacarrier
040 _aCO-BoRNBP
_bspa
_erda
_cCO-BoRNBP
084 _aN BIO1
999 _c6114
_d6114